Music Quiz

Random Music or Century Quiz

RIAA Songs of the Century (1960s) Quiz Stats

 Plays Quiz Updated Nov 17, 2016

Score 0/81 Timer 15:00
0 Plays Today
Artist Song / Album % Correct
Aretha FranklinRespect
66.2%
James BrownI Got You (I Feel Good)
65.3%
Roy OrbisonOh Pretty Woman
64.5%
Otis Redding(Sittin' On The) Dock of the Bay
63.9%
Mamas & PapasCalifornia Dreamin'
63.2%
The DoorsLight My Fire
60.9%
SteppenwolfBorn to be Wild
57.1%
Chubby CheckerThe Twist
56.9%
The Rolling Stones(I Can't Get No) Satisfaction
55.6%
Jimi HendrixAll Along the Watchtower
55.3%
Johnny CashRing of Fire
54.7%
Sonny & CherI Got You Babe
54.2%
The Beatles (album)Sgt. Pepper's Lonely Hearts Club Band
53.4%
The AnimalsHouse of the Rising Sun
51.7%
The TemptationsMy Girl
48.2%
Bob DylanLike a Rolling Stone
48.1%
Ben E. KingStand By Me
47.3%
The Beach BoysGood Vibrations
46.6%
Simon & GarfunkelThe Sound of Silence
45.8%
Petula ClarkDowntown
45.3%
The BeatlesI Want to Hold Your Hand
44.4%
Jefferson AirplaneWhite Rabbit
43.9%
Louis ArmstrongWhat a Wonderful World
43.4%
Frank SinatraMy Way
41.6%
Janis JoplinMe and Bobby McGee
40.1%
The ByrdsTurn! Turn! Turn! (To Everything There Is A Season)
39.7%
Creedence Clearwater RevivalProud Mary
39.3%
Artist Song / Album % Correct
Broadway cast (album)Hair
38.4%
Buffalo SpringfieldFor What It's Worth (Stop! Hey! What's That Sound)
37.7%
The KingsmenLouie Louie
36.9%
Peter, Paul & MaryBlowin' in the Wind
36.8%
Tammy WynetteStand By Your Man
36.1%
Percy SledgeWhen a Man Loves a Woman
35.9%
Lesley GoreIt's My Party
35.6%
The Righteous BrothersYou've Lost That Lovin' Feelin'
34.8%
The KinksYou Really Got Me
34.5%
The BeatlesYesterday / Act Naturally
33.9%
DionRunaround Sue
31.6%
B.J. ThomasRaindrops Keep Falling on My Head
31.1%
Martha & The VandellasDancing in the Street
31%
Marvin GayeI Heard It Through the Grapevine
30.9%
Marvin Gaye & Tammi TerrellAin't No Mountain High Enough
30.6%
Roger MillerKing of the Road
30.3%
Little EvaThe Loco-Motion
29.7%
The RonettesBe My Baby
28%
Mary WellsMy Guy
27.8%
Roy OrbisonCrying
26.7%
Tony BennettI Left My Heart in San Francisco
26.4%
The SupremesStop! In the Name of Love
26.3%
Sam & DaveSoul Man
24.5%
The TokensThe Lion Sleeps Tonight
24%
Sly & The Family StoneEveryday People
21.7%
The Shangri-LasLeader of the Pack
20.7%
Marty RobbinsEl Paso
18.9%
Artist Song / Album % Correct
Stan Getz/Astrud GilbertoThe Girl From Ipanema
17.9%
Henry ManciniMoon River
17.2%
Bobbie GentryOde to Billie Joe
17.1%
Wilson PickettIn the Midnight Hour
16%
Broadway cast (album)The Sound of Music
15.3%
DionAbraham, Martin and John
15.1%
Dionne WarwickWalk on By
14.9%
B.B. KingThe Thrill Is Gone
14.8%
Bob DylanThe Times They Are A-Changin'
14.1%
Frank SinatraStrangers in the Night
12.9%
Dean MartinEverybody Loves Somebody
12.7%
Patsy ClineI Fall to Pieces
12.2%
Glen CampbellBy the Time I Get to Phoenix
11.7%
Brenda LeeI'm Sorry
11.5%
The Four TopsReach Out I'll Be There
11.1%
The ShirellesWill You Love Me Tomorrow
10.9%
The MiraclesThe Tracks of My Tears
10.9%
John Coltrane (album)A Love Supreme
10.4%
Edwin Hawkins SingersO Happy Day
8.5%
The DriftersOn Broadway
8%
Jackie DeShannonWhat the World Needs Now Is Love
7.8%
The ImpressionsPeople Get Ready
6.5%
Ramsey Lewis TrioThe 'In' Crowd
6.2%
The TymesSo Much In Love
3.8%
Ketty LesterLove Letters
3.8%
Joan BaezWe Shall Overcome
3.6%
Merle HaggardSing Me Back Home
1.6%

You're not logged in!

Compare scores with friends on all Sporcle quizzes.
OR
Log In

Sporcle TV

Today on Sporcle TV


Watch our educational content, quiz creation guides, and fun videos on Sporcle TV.

Show Comments

Extras

Top Quizzes Today


Score Distribution

Your Account Isn't Verified!

In order to create a playlist on Sporcle, you need to verify the email address you used during registration. Go to your Sporcle Settings to finish the process.

Report this User

Report this user for behavior that violates our Community Guidelines.

Details: